000 00474nam a22001697a 4500
003 OSt
005 20140310182353.0
008 131001t xxu||||| |||| 00| 0 eng d
050 _aPZ 7
_b.M462 2007
082 _aJ 793.73
_bM462 2007
100 _aMawhinney, Art.
245 _aThomas & friends : Look and find /
_cMawhinney, Art.
260 _aLincoln, Illinois : .
_bPublications International,
_cc2008.
300 _a9 p.
_c31 cm
942 _2lcc
_cBK
999 _c12434
_d12434